Statistics for Mozart ... or Beethoven?

Click here to take the quiz!

General Stats

  • This quiz has been taken 86 times
  • The average score is 12 of 15

Answer Stats

Question Answer % Correct
Für EliseBeethoven
99%
Eine kleine NachtmusikMozart
96%
Die Zauberflöte (The Magic Flute)Mozart
94%
Piano Sonata in C sharp minor "Moonlight"Beethoven
94%
Symphony No. 6 "Pastoral"Beethoven
90%
Requiem in D minorMozart
87%
Piano Concerto No. 5 "Emperor"Beethoven
87%
Clarinet ConcertoMozart
87%
Ein musikalischer Spaß (A Musical Joke)Mozart
85%
Egmont OvertureBeethoven
76%
Ave verum corpusMozart
70%
Symphony No. 41 "Jupiter"Mozart
68%
Missa SolemnisBeethoven
67%
Große FugeBeethoven
63%
Triple ConcertoBeethoven
54%

Score Distribution

Percentile by Number Answered

Percent of People with Each Score

Your Score History

You have not taken this quiz